Game invaders : the theory and understanding of computer games /

"Introduces a practical critical method for analyzing existing games and designing future games"--

Bibliographic Details
Other Authors: Fencott, P. C.
Format: eBook
Language:English
Published: Hoboken, N.J. : Wiley, 2012.
Series:Wiley Online Library.
Subjects:
Online Access:Connect to the full text of this electronic book

MARC

Tag First Indicator Second Indicator Subfields
LEADER 00000cam a22000008a 4500
001 in00002782200
005 20210728124925.0
006 m d
007 cr cn|||||||||
008 120217s2012 njua ob 001 0 eng
010 |a  2012007308 
019 |a 804860751 
020 |a 1118347552 (Adobe PDF) 
020 |a 1118347560 (MobiPocket) 
020 |a 1118347579 ( ePub) 
020 |a 1118347587 (electronic bk.) 
020 |a 9781118347553 (Adobe PDF) 
020 |a 9781118347560 (MobiPocket) 
020 |a 9781118347577 ( ePub) 
020 |a 9781118347584 (electronic bk.) 
020 |z 0470597186 
020 |z 9780470597187 (pbk.) 
024 8 |a 9786613655981 
035 |a (OCoLC)777364386  |z (OCoLC)804860751 
035 |a (OCoLC)ocn777364386 
035 |a 4013032 
037 |a 10.1002/9781118347584  |b Wiley InterScience  |n http://www3.interscience.wiley.com 
040 |a DLC  |b eng  |c DLC  |d EBLCP  |d OCLCO  |d N$T  |d MERUC  |d COO  |d E7B  |d YDXCP  |d TEFOD  |d DG1  |d OCLCO  |d TXA  |d UtOrBLW 
042 |a pcc 
049 |a TXAM 
050 4 |a GV1469.3  |b .G365 2012eb 
072 7 |a GAM  |x 013000  |2 bisacsh 
082 0 0 |a 794.8  |2 23 
084 |a COM012040  |2 bisacsh 
245 0 0 |a Game invaders :  |b the theory and understanding of computer games /  |c Clive Fencott [and others]. 
263 |a 1210 
264 1 |a Hoboken, N.J. :  |b Wiley,  |c 2012. 
300 |a 1 online resource (xi, 16 unnumbered pages, 216 pages) :  |b illustrations 
336 |a text  |b txt  |2 rdacontent 
337 |a computer  |b c  |2 rdamedia 
338 |a online resource  |b cr  |2 rdacarrier 
500 |a Electronic resource. 
504 |a Includes bibliographical references and index. 
520 |a "Introduces a practical critical method for analyzing existing games and designing future games"--  |c Provided by publisher. 
588 |a Description based on print version record and CIP data provided by publisher. 
650 0 |a Computer games  |x Design.  |0 http://id.loc.gov/authorities/subjects/sh2008101479 
650 0 |a Computer games.  |0 http://id.loc.gov/authorities/subjects/sh85029499 
650 0 |a Video games  |x Design.  |0 http://id.loc.gov/authorities/subjects/sh2006004108 
650 0 |a Video games.  |0 http://id.loc.gov/authorities/subjects/sh85143202 
650 7 |a COMPUTERS / Programming / Games.  |2 bisacsh 
655 7 |a Electronic books.  |2 local 
700 1 |a Fencott, P. C.  |0 http://id.loc.gov/authorities/names/n85204823 
776 0 8 |i Print version:  |t Game invaders  |d Hoboken, N.J. : Wiley, 2012  |z 9780470597187  |w (DLC) 2012002566 
830 0 |a Wiley Online Library. 
856 4 0 |u http://proxy.library.tamu.edu/login?url=https://dx.doi.org/10.1002/9781118347584  |z Connect to the full text of this electronic book  |t 0 
948 |a cataloged  |b h  |c 2012/8/27  |d c  |e jlanham  |f 4:12:50 pm 
994 |a C0  |b TXA 
999 |a MARS 
999 f f |s fac5b7ec-13a9-3a70-950d-0ab62a054aaa  |i 0f004455-8ce1-3941-adeb-8b0b6d5509de  |t 0 
952 f f |a Texas A&M University  |b College Station  |c Electronic Resources  |d Available Online  |t 0  |e GV1469.3 .G365 2012eb  |h Library of Congress classification 
998 f f |a GV1469.3 .G365 2012eb  |t 0  |l Available Online